00908nam a2200217 i 450000100060000000300090000600500170001500700030003200800410003502000180007610000430009424501970013726000680033430000090040250400320041170000420044370000330048585200330051899900170055195201220056840346ES-MaACL20230906160211.0t|030305s1986 sp ||||1| spa d a84-600-4605-21 aCarrascosa López, Valentín.93558113aEl juicio de faltas b: estudio teórico-práctico adaptado a la nueva Ley Orgánica del Poder Judicial / cValentín Carrascosa López, José Carretero Domínguez, Pedro Melo Alvarado. a[S.l. : bs.n., c1986] (eMérida : fArtes Gráficas Boysu) a1 v. aBibliografía: p. 267-269.1 aCarretero Domínguez, José.9357241 aMelo Alvarado, Pedro.980017 aES-MaACLjL-11085 bR.112697 c40346d40346 00104070aATENEOMbATENEOMcDEPO2d2008-01-17eSCl0oL-11085p1042475r2023-02-23 00:00:00w2023-02-23yMONOGRAFIA